LEADER 01109nam a2200241 4500 001 000000331718 003 CaOOAMICUS 005 20181214000000.0 008 181214s2014 it a 000 u ita r 020 $a978-88-541-6728-5 040 $aSeMil$bita 100 1 $aFrediani, Andrea,$d<1963- >.$0(OLS)http://semarc/name/108638 245 12$aI grandi condottieri che hanno cambiato la storia :$ble imprese militari di cento straordinari generali /$cAndrea Frediani. 264 1$aRoma :$bNewton Compton,$c2014. 300 $a639 p., [32] p. di tav. :$bill. ;$c22 cm 490 1 $aLe storie Newton ;$v12 830 3$aLe storie Newton ;$v12.$0(OLS)http://semarc/title/420433 850 $aSeMil 852 $aSeMil$W1$xVenegono$y1$m3W II 37$j211521$B224981$CSeMilBibl$Z2$F224981 $81 996 $6020$a978-88-541-6728-5$9(OLS)http://semarc/number/285927 996 $6245$aI grandi condottieri che hanno cambiato la storia :$ble imprese militari di cento straordinari generali$9(OLS)http://semarc/title/420435 996 $6264$aRoma :$bNewton Compton$9(OLS)http://semarc/publisher/31452 LEADER 01204nam a2200289 i 4500 001 000000217468 003 CaOOAMICUS 005 20121205000000.0 008 121205s1988 xx u000 u mul u 013 $a196365 020 $a88-85876-06-4 040 $aSeMil$bita 245 10$a1866-1878 /$ca cura di Maria Vismara Missiroli. 300 $aLIII, 947 p. 490 0 $aSinodi e concili dell'Italia postunitaria : collana di testi e documenti ;$v2 500 $aContiene : Appendici. 650 4$aSinodi diocesani - Sec. 19.$0(OLS)http://semarc/subject/1277 700 1 $aVismara Missiroli, Maria.$0(OLS)http://semarc/name/33789 700 0 $aPius IX,$c.$0(OLS)http://semarc/name/3003 773 0 $tSinodi diocesani di Pio 9.$dRoma : Herder, 1987.$g2$w()27780 830 0$aSinodi e concili dell'Italia postunitaria : collana di testi e documenti ;$v2.$0(OLS)http://semarc/title/68 850 $aSeMil 852 $aSeMil$W1$xVenegono$y1$m2J V 2$j167882$B167882$CSeMilBibl$Z2$F178658 $81 900 0 $aPio IX$c. 996 $6020$a88-85876-06-4$9(OLS)http://semarc/number/214797 996 $6245$a1866-1878$9(OLS)http://semarc/title/312458